[Event "22nd 4NCL Congress"]
[Site "Telford"]
[Date "2019.07.21"]
[Round "5"]
[Board "24"]
[White "Herring, Sam Ac"]
[Black "Van Kemenade, Julie"]
[Result "1-0"]
[WhiteElo "1931"]
[BlackElo "1719"]
[PlyCount "39"]
[EventDate "2019.07.19"]
[EventRounds "5"]
[EventCountry "ENG"]

1. d4 d6 2. c4 Nf6 3. Nc3 Nbd7 4. e4 e5 5. Nf3 c6 6. Be2 Be7 7. O-O Qc7 8. h3
h6 9. Be3 Rg8 10. Qd2 Nf8 11. Rfd1 g5 12. c5 Ng6 13. cxd6 Bxd6 14. dxe5 Bxe5
15. Nxe5 Nxe5 16. Rac1 Qe7 17. Bc5 Qd7 18. Qe3 Qe6 19. Rd6 Qe7 20. Rxc6  1-0